| 000 | 00000nam 2200000za 4500 |
| 001 | 9.625978 |
| 003 | CaOODSP |
| 005 | 20220204124025 |
| 007 | ta |
| 008 | 150406|1980||||xxc||||| f|0| 0 fre d |
| 022 | |a0706-6511 |
| 040 | |aCaOODSP|bfre |
| 043 | |an-cn--- |
| 086 | 1 |aFs94-191F |
| 110 | 1 |aCanada. |bMinistère des pêches et des océans. |
| 245 | 10|aCalcul et interprétation des statistiques biologiques des population de poissons / |cpar W. E. Richer. |
| 260 | |bPêches et Océans Canada |c1980. |
| 300 | |axxi, 409p. : |bill. ; |c26 cm. |
| 490 | 1 |aBulletin canadien des sciences halieutiques et aquatiques|x0706-6511|v191 |
| 563 | |aCouverture souple |
| 720 | 1 |aRicker, W. E. |
| 775 | 08|tComputation and interpretation of biological statistics of fish populations / |w(CaOODSP)9.616724 |
| 776 | 0#|tCalcul et interprétation des statistiques biologiques des populations de poissons / |w(CaOODSP)9.907720 |
| 830 | #0|aBulletin canadien des sciences halieutiques et aquatiques,|x0706-6511|v191|w(CaOODSP)9.513047 |